000 00268nam a2200109Ia 4500
008 190914s9999||||xx |||||||||||||| ||und||
100 _aPaul Jackson
245 0 _aOracle Applications DBA Field Guide
260 _aIndia
_bS. Chand
_c2008
300 _a200
942 _cBK
999 _c10150
_d10150